<?xml version="1.0" encoding="UTF-8"?>
<record
    xmlns:xsi="http://www.w3.org/2001/XMLSchema-instance"
    xsi:schemaLocation="http://www.loc.gov/MARC21/slim http://www.loc.gov/standards/marcxml/schema/MARC21slim.xsd"
    xmlns="http://www.loc.gov/MARC21/slim">

  <leader>01790nam a2200505   4500</leader>
  <controlfield tag="001">4046922</controlfield>
  <controlfield tag="003">OSt</controlfield>
  <controlfield tag="005">20140310182904.0</controlfield>
  <controlfield tag="008">981127s1998    cc ab    b    011 0 eng  </controlfield>
  <datafield tag="010" ind1=" " ind2=" ">
    <subfield code="a">   98947630 </subfield>
  </datafield>
  <datafield tag="020" ind1=" " ind2=" ">
    <subfield code="a">9622582249 (v. 1)</subfield>
  </datafield>
  <datafield tag="020" ind1=" " ind2=" ">
    <subfield code="a">9622582257 (v. 2)</subfield>
  </datafield>
  <datafield tag="020" ind1=" " ind2=" ">
    <subfield code="a">9622582265 (v. 3)</subfield>
  </datafield>
  <datafield tag="020" ind1=" " ind2=" ">
    <subfield code="a">9622582273 (v. 4)</subfield>
  </datafield>
  <datafield tag="020" ind1=" " ind2=" ">
    <subfield code="a">9622582281 (v. 5)</subfield>
  </datafield>
  <datafield tag="020" ind1=" " ind2=" ">
    <subfield code="a">962258229X (v. 6)</subfield>
  </datafield>
  <datafield tag="020" ind1=" " ind2=" ">
    <subfield code="a">9622582303 (v. 7)</subfield>
  </datafield>
  <datafield tag="020" ind1=" " ind2=" ">
    <subfield code="a">9622582311 (v. 8)</subfield>
  </datafield>
  <datafield tag="020" ind1=" " ind2=" ">
    <subfield code="a">962258232X (v. 9)</subfield>
  </datafield>
  <datafield tag="020" ind1=" " ind2=" ">
    <subfield code="a">9622582338 (v. 10)</subfield>
  </datafield>
  <datafield tag="035" ind1=" " ind2=" ">
    <subfield code="a">(DLC)   98947630</subfield>
  </datafield>
  <datafield tag="040" ind1=" " ind2=" ">
    <subfield code="a">DLC</subfield>
    <subfield code="c">DLC</subfield>
    <subfield code="d">DLC</subfield>
  </datafield>
  <datafield tag="042" ind1=" " ind2=" ">
    <subfield code="a">lcode</subfield>
  </datafield>
  <datafield tag="043" ind1=" " ind2=" ">
    <subfield code="a">a-ph---</subfield>
  </datafield>
  <datafield tag="050" ind1="0" ind2="0">
    <subfield code="a">DS 668 </subfield>
    <subfield code="b">.K15 1998 </subfield>
  </datafield>
  <datafield tag="082" ind1="0" ind2="0">
    <subfield code="a">Fil 959.9  </subfield>
    <subfield code="b">K15 1998</subfield>
  </datafield>
  <datafield tag="245" ind1="0" ind2="0">
    <subfield code="a">Kasaysayan :</subfield>
    <subfield code="b">the story of the Filipino people /</subfield>
  </datafield>
  <datafield tag="246" ind1="3" ind2="0">
    <subfield code="a">Story of the Filipino people</subfield>
  </datafield>
  <datafield tag="260" ind1=" " ind2=" ">
    <subfield code="a">[Hong Kong] :</subfield>
    <subfield code="b">Asia Pub.,</subfield>
    <subfield code="c">c1998.</subfield>
  </datafield>
  <datafield tag="300" ind1=" " ind2=" ">
    <subfield code="a">303 p. </subfield>
    <subfield code="b">ill. (some col.), maps (some col.) ;</subfield>
    <subfield code="c">29 cm.</subfield>
  </datafield>
  <datafield tag="500" ind1=" " ind2=" ">
    <subfield code="a">"This year 1998, the Filipino nation celebrates its first centennial"--V. 1, foreword.</subfield>
  </datafield>
  <datafield tag="504" ind1=" " ind2=" ">
    <subfield code="a">Includes bibliographical references and index.</subfield>
  </datafield>
  <datafield tag="505" ind1="0" ind2=" ">
    <subfield code="a">1. The Philippine archipelago -- 2. The earliest Filipinos -- 3. The Spanish conquest -- 4. Life in the colony -- 5. Reform and revolution- Philippines.-- 6. Under stars and stripes -- 7. The Japanese occupation -- 8. Up from the ashes -- 9. A nation reborn -- 10. A timeline of Philippine history.</subfield>
  </datafield>
  <datafield tag="526" ind1=" " ind2=" ">
    <subfield code="c">1210L-1700L</subfield>
  </datafield>
  <datafield tag="541" ind1=" " ind2=" ">
    <subfield code="j">1</subfield>
  </datafield>
  <datafield tag="541" ind1=" " ind2=" ">
    <subfield code="j">1</subfield>
  </datafield>
  <datafield tag="541" ind1=" " ind2=" ">
    <subfield code="j">1</subfield>
  </datafield>
  <datafield tag="541" ind1=" " ind2=" ">
    <subfield code="j">1</subfield>
  </datafield>
  <datafield tag="562" ind1=" " ind2=" ">
    <subfield code="e">1</subfield>
  </datafield>
  <datafield tag="651" ind1=" " ind2="0">
    <subfield code="a">Philippines.</subfield>
    <subfield code="9">4891</subfield>
  </datafield>
  <datafield tag="710" ind1="2" ind2=" ">
    <subfield code="a">Asia Publishing Company Limited.</subfield>
    <subfield code="9">4892</subfield>
  </datafield>
  <datafield tag="906" ind1=" " ind2=" ">
    <subfield code="a">7</subfield>
    <subfield code="b">cbc</subfield>
    <subfield code="c">origode</subfield>
    <subfield code="d">2</subfield>
    <subfield code="e">ncip</subfield>
    <subfield code="f">19</subfield>
    <subfield code="g">y-gencatlg</subfield>
  </datafield>
  <datafield tag="942" ind1=" " ind2=" ">
    <subfield code="2">lcc</subfield>
    <subfield code="c">BK</subfield>
    <subfield code="k">FIL</subfield>
  </datafield>
  <datafield tag="999" ind1=" " ind2=" ">
    <subfield code="c">17130</subfield>
    <subfield code="d">17130</subfield>
  </datafield>
  <datafield tag="952" ind1=" " ind2=" ">
    <subfield code="0">0</subfield>
    <subfield code="1">0</subfield>
    <subfield code="2">lcc</subfield>
    <subfield code="4">0</subfield>
    <subfield code="a">CL</subfield>
    <subfield code="b">CL</subfield>
    <subfield code="c">FIL</subfield>
    <subfield code="d">0000-00-00</subfield>
    <subfield code="l">0</subfield>
    <subfield code="o">DS 668 .K15 1998 vol.1</subfield>
    <subfield code="p">c8932</subfield>
    <subfield code="r">2018-05-08 00:00:00</subfield>
    <subfield code="t">1</subfield>
    <subfield code="w">2013-11-14</subfield>
    <subfield code="y">BK</subfield>
  </datafield>
  <datafield tag="952" ind1=" " ind2=" ">
    <subfield code="0">0</subfield>
    <subfield code="1">0</subfield>
    <subfield code="2">lcc</subfield>
    <subfield code="4">0</subfield>
    <subfield code="a">CL</subfield>
    <subfield code="b">CL</subfield>
    <subfield code="c">FIL</subfield>
    <subfield code="d">0000-00-00</subfield>
    <subfield code="l">0</subfield>
    <subfield code="o">DS 668 .K15 1998 vol.2</subfield>
    <subfield code="p">c8933</subfield>
    <subfield code="r">2018-05-08 00:00:00</subfield>
    <subfield code="t">1</subfield>
    <subfield code="w">2013-11-14</subfield>
    <subfield code="y">BK</subfield>
  </datafield>
  <datafield tag="952" ind1=" " ind2=" ">
    <subfield code="0">0</subfield>
    <subfield code="1">0</subfield>
    <subfield code="2">lcc</subfield>
    <subfield code="4">0</subfield>
    <subfield code="a">CL</subfield>
    <subfield code="b">CL</subfield>
    <subfield code="c">FIL</subfield>
    <subfield code="d">0000-00-00</subfield>
    <subfield code="l">1</subfield>
    <subfield code="o">DS 668 .K15 1998 vol.3</subfield>
    <subfield code="p">c8934</subfield>
    <subfield code="r">2024-09-19 00:00:00</subfield>
    <subfield code="s">2024-09-17</subfield>
    <subfield code="t">1</subfield>
    <subfield code="w">2013-06-01</subfield>
    <subfield code="y">BK</subfield>
  </datafield>
  <datafield tag="952" ind1=" " ind2=" ">
    <subfield code="0">0</subfield>
    <subfield code="1">0</subfield>
    <subfield code="2">lcc</subfield>
    <subfield code="4">0</subfield>
    <subfield code="a">CL</subfield>
    <subfield code="b">CL</subfield>
    <subfield code="c">FIL</subfield>
    <subfield code="d">0000-00-00</subfield>
    <subfield code="l">0</subfield>
    <subfield code="o"> DS 668 .K15 1998 vol.4</subfield>
    <subfield code="p">c8935</subfield>
    <subfield code="r">2018-05-08 00:00:00</subfield>
    <subfield code="t">1</subfield>
    <subfield code="w">0000-00-00</subfield>
    <subfield code="y">BK</subfield>
  </datafield>
  <datafield tag="952" ind1=" " ind2=" ">
    <subfield code="0">0</subfield>
    <subfield code="1">0</subfield>
    <subfield code="2">lcc</subfield>
    <subfield code="4">0</subfield>
    <subfield code="a">CL</subfield>
    <subfield code="b">CL</subfield>
    <subfield code="c">FIL</subfield>
    <subfield code="d">0000-00-00</subfield>
    <subfield code="l">0</subfield>
    <subfield code="o">DS 668 .K15 1998 vol.5</subfield>
    <subfield code="p">c8936</subfield>
    <subfield code="r">2024-09-18 00:00:00</subfield>
    <subfield code="t">1</subfield>
    <subfield code="w">2013-11-14</subfield>
    <subfield code="y">BK</subfield>
  </datafield>
  <datafield tag="952" ind1=" " ind2=" ">
    <subfield code="0">0</subfield>
    <subfield code="1">0</subfield>
    <subfield code="2">lcc</subfield>
    <subfield code="4">0</subfield>
    <subfield code="a">CL</subfield>
    <subfield code="b">CL</subfield>
    <subfield code="c">FIL</subfield>
    <subfield code="d">0000-00-00</subfield>
    <subfield code="l">0</subfield>
    <subfield code="o">DS 668 .K15 1998 vol.6</subfield>
    <subfield code="p">c8937</subfield>
    <subfield code="r">2018-05-08 00:00:00</subfield>
    <subfield code="t">1</subfield>
    <subfield code="w">0000-00-00</subfield>
    <subfield code="y">BK</subfield>
  </datafield>
  <datafield tag="952" ind1=" " ind2=" ">
    <subfield code="0">0</subfield>
    <subfield code="1">0</subfield>
    <subfield code="2">lcc</subfield>
    <subfield code="4">0</subfield>
    <subfield code="a">CL</subfield>
    <subfield code="b">CL</subfield>
    <subfield code="c">FIL</subfield>
    <subfield code="d">0000-00-00</subfield>
    <subfield code="l">0</subfield>
    <subfield code="o">DS 668 .K15 1998 vol.10</subfield>
    <subfield code="p">c8941</subfield>
    <subfield code="r">2018-05-08 00:00:00</subfield>
    <subfield code="t">1</subfield>
    <subfield code="w">0000-00-00</subfield>
    <subfield code="y">BK</subfield>
  </datafield>
  <datafield tag="952" ind1=" " ind2=" ">
    <subfield code="0">0</subfield>
    <subfield code="1">0</subfield>
    <subfield code="2">lcc</subfield>
    <subfield code="4">0</subfield>
    <subfield code="a">CL</subfield>
    <subfield code="b">CL</subfield>
    <subfield code="c">FIL</subfield>
    <subfield code="d">2013-06-01</subfield>
    <subfield code="l">0</subfield>
    <subfield code="o">DS 668 .K15 1998 vol.7</subfield>
    <subfield code="p">c8938</subfield>
    <subfield code="r">2018-05-08 00:00:00</subfield>
    <subfield code="t">1</subfield>
    <subfield code="w">2013-06-01</subfield>
    <subfield code="y">BK</subfield>
  </datafield>
  <datafield tag="952" ind1=" " ind2=" ">
    <subfield code="0">0</subfield>
    <subfield code="1">0</subfield>
    <subfield code="2">lcc</subfield>
    <subfield code="4">0</subfield>
    <subfield code="a">CL</subfield>
    <subfield code="b">CL</subfield>
    <subfield code="c">FIL</subfield>
    <subfield code="d">0000-00-00</subfield>
    <subfield code="l">0</subfield>
    <subfield code="o">DS 668 .K15 1998 vol.8</subfield>
    <subfield code="p">c8939</subfield>
    <subfield code="r">2018-05-08 00:00:00</subfield>
    <subfield code="t">1</subfield>
    <subfield code="w">2013-06-01</subfield>
    <subfield code="y">BK</subfield>
  </datafield>
  <datafield tag="952" ind1=" " ind2=" ">
    <subfield code="0">0</subfield>
    <subfield code="1">0</subfield>
    <subfield code="2">lcc</subfield>
    <subfield code="4">0</subfield>
    <subfield code="a">CL</subfield>
    <subfield code="b">CL</subfield>
    <subfield code="c">FIL</subfield>
    <subfield code="d">0000-00-00</subfield>
    <subfield code="l">0</subfield>
    <subfield code="o">DS 668 .K15 1998 vol.9</subfield>
    <subfield code="p">c8940</subfield>
    <subfield code="r">2018-05-08 00:00:00</subfield>
    <subfield code="t">1</subfield>
    <subfield code="w">2013-06-01</subfield>
    <subfield code="y">BK</subfield>
  </datafield>
</record>
